SEEDS ; THEIR CONSERVATION PRINCEPLES & PRACTICES (Record no. 31577)

MARC details
000 -LEADER
fixed length control field 00439nam a22001697a 4500
003 - CONTROL NUMBER IDENTIFIER
control field OSt
005 - DATE AND TIME OF LATEST TRANSACTION
control field 20220224112959.0
008 - FIXED-LENGTH DATA ELEMENTS--GENERAL INFORMATION
fixed length control field 220224b |||||||| |||| 00| 0 eng d
020 ## - INTERNATIONAL STANDARD BOOK NUMBER
International Standard Book Number 8189304585
040 ## - CATALOGING SOURCE
Transcribing agency HU
082 ## - DEWEY DECIMAL CLASSIFICATION NUMBER
Classification number 631.531
100 ## - MAIN ENTRY--PERSONAL NAME
Personal name Gupta Veena Dr.
9 (RLIN) 31535
245 ## - TITLE STATEMENT
Title SEEDS ; THEIR CONSERVATION PRINCEPLES & PRACTICES
260 ## - PUBLICATION, DISTRIBUTION, ETC.
Place of publication, distribution, etc. INDIA
Name of publisher, distributor, etc. SATISH SERIAL
Date of publication, distribution, etc. 2009
300 ## - PHYSICAL DESCRIPTION
Extent VIII 220 P
Other physical details HC
Dimensions 24 CM
942 ## - ADDED ENTRY ELEMENTS (KOHA)
Source of classification or shelving scheme Dewey Decimal Classification
Koha item type Books like text book referance book
Suppress in OPAC No
Holdings
Withdrawn status Lost status Source of classification or shelving scheme Damaged status Not for loan Collection code Home library Current library Shelving location Date acquired Total Checkouts Full call number Barcode Date last seen Copy number Price effective from Koha item type
    Dewey Decimal Classification     Reference Wondo Genet Library Wondo Genet Library General Stacks 02/24/2022   631.531 GUP 2009 WGCFNRL00011792 02/24/2022 1 02/24/2022 Books like text book referance book
    Dewey Decimal Classification     Reference Wondo Genet Library Wondo Genet Library General Stacks 02/24/2022   631.531 GUP 2009 WGCFNRL00011793 02/24/2022 2 02/24/2022 Books like text book referance book